000 01395nam a2200373 c 4500
999 _c331916
_d331916
003 BLK
005 20241204181741.0
008 180411b bul|||||r ||||||| ||bul||
010 _aKNG00185602000
020 _a978-954-399-085-6
040 _aBLK
041 _aBUL
_cBUL
072 7 _2bullib
_aН8300
_xРомантична проза Н
080 _aАмериканска литература (на САЩ)
_b821.111(73)
_x-31
_z821.111(73)-31
100 1 _aДжеймс, Джули
_eпърви автор
_9324350
139 _aДжеймс, Джули
_bД 50
245 1 0 _aЗакони на привличането
_cДжули Джеймс; прев. от англ. Маргарита Спасова
257 _aUSA
260 _bСББ Медиа
_c2014
_fРопринт ЕАД
300 _a216 с.
_c20 см
380 _aX
500 _aОриг. загл. Practice Makes Perfect / Julie James. - Кн. се разпространява със сп. Cosmopolitan.
653 _aромантична проза
653 _aромани
659 _aН
700 1 _aСпасова, Маргарита Емилова
_9122607
856 4 _qpdf
856 4 _qpdf
942 _cKNG
_n0
_024
944 _aCR
_c13.01.2016
_lЦветелина Шанова
_k30531
944 _aED
_c15.02.2018
_lф /
_kНора_Радева
999 _d331916
999 _d176968